Proyecto Arenal

Na minha lista:
Detalhes bibliográficos
Autor principal: Herrera S., Jaime
Autor Corporativo: Instituto Costarricense de Electricidad. Departamento de Entrenamiento.. Programa de Información
Formato: Livro
Idioma:Spanish
Publicado em: [San José, Costa Rica]. : [editor no identificado], 1976.
Colecção:Pucblicación
Assuntos:
Tags: Adicionar Tag
Sem tags, seja o primeiro a adicionar uma tag!

MARC

LEADER 00000nam a2200000Ia 4500
003 005432
005 20221231143950.0
008 140114s1976 cr a 000 ||spa d
040 |c cru CEDI 
082 |a  621.312.134 P969p 
100 |a Herrera S., Jaime  |9 20951 
245 |a Proyecto Arenal  
260 |a [San José, Costa Rica]. : [editor no identificado],  |c  1976. 
300 |a  16 páginas : ilustraciones, mapas color ; 27 cm.-- 
440 |a Pucblicación   |n 1  |9 20953 
650 |x INSTITUTO COSTARRICENSE DE ELECTRICIDAD.. PROYECTO HIDROELECTRICO ARENAL  |9 20954 
710 |9 20952  |a Instituto Costarricense de Electricidad. Departamento de Entrenamiento.. Programa de Información 
942 |2 ddc  |c BK 
999 |c 14914  |d 14914